[Event "I Open Oro Caffe'"]
[Site "Udine ITA"]
[Date "2008.07.05"]
[Round "1"]
[White "Conti, Franco"]
[Black "Rossi, Francesco"]
[Result "0-1"]
[WhiteElo "1386"]
[BlackElo "1677"]
[PlyCount "126"]
[EventDate "2008.07.05"]

1. d4 d5 2. c4 e6 3. Bf4 Nf6 4. e3 Be7 5. Bd3 Nbd7 6. Nf3 O-O 7. O-O Nh5 8. Re1
Nxf4 9. exf4 dxc4 10. Bxc4 c5 11. Nc3 cxd4 12. Ne4 Qc7 13. Qc1 Rd8 14. f5 Nb6
15. Bb3 Qxc1 16. Raxc1 Nd5 17. Nxd4 exf5 18. Nc3 Bf6 19. Nxd5 Bxd4 20. Ne7+ Kf8
21. Rcd1 Bb6 22. Nd5 Be6 23. Nxb6 Bxb3 24. Nd7+ Rxd7 25. Rxd7 Bxa2 26. Rxb7 a5
27. Ree7 a4 28. Rec7 Bb3 29. Kf1 g6 30. Ke2 Rd8 31. Ke3 Re8+ 32. Kf4 Re2 33.
Kg5 Kg7 34. Rxf7+ Bxf7 35. h3 Rxf2 36. g4 f4 37. Rb4 f3 38. Rxa4 Rxb2 39. Ra1
Rb5+ 40. Kh4 Rb7 41. Rd1 Bc4 42. Kg3 Be2 43. Re1 Kf6 44. h4 Rd7 45. Ra1 Ke5 46.
Ra5+ Kd4 47. Ra8 Kc3 48. Rf8 Kd2 49. Kf2 Kc1 50. Ke1 Rd1+ 51. Kf2 Rf1+ 52. Ke3
Rg1 53. Rc8+ Kd1 54. Rd8+ Ke1 55. Kf4 f2 56. Ra8 f1=Q+ 57. Kg5 Rxg4+ 58. Kh6
Rxh4+ 59. Kg7 Qf5 60. Rf8 Qe5+ 61. Rf6 Rf4 62. Kh6 Qxf6 63. Kxh7 Rh4+ 0-1

[Event "I Open Oro Caffe'"]
[Site "Udine ITA"]
[Date "2008.07.05"]
[Round "1"]
[White "Giancotti, Eraldo"]
[Black "Del Forno Sinicco, Michele"]
[Result "1-0"]
[WhiteElo "2092"]
[BlackElo "1559"]
[PlyCount "99"]
[EventDate "2008.07.05"]

1. Nf3 Nf6 2. d4 d5 3. e3 g6 4. Bd3 Bg7 5. Nbd2 O-O 6. O-O Nbd7 7. h3 c5 8. b3
cxd4 9. exd4 Qc7 10. Re1 Re8 11. Bb2 a6 12. c4 e6 13. Rc1 Qa5 14. a3 b5 15.
cxb5 axb5 16. b4 Qb6 17. Nb3 Bb7 18. Qe2 Ba6 19. Nc5 Nxc5 20. dxc5 Qc7 21. Be5
Qc8 22. Qb2 Nh5 23. Bxg7 Nxg7 24. Ne5 f6 25. Ng4 Qc6 26. Nxf6+ Kf7 27. Nxh7 e5
28. Rxe5 Rxe5 29. Qxe5 Re8 30. Ng5+ Kg8 31. Qg3 Bc8 32. Qh4 Qf6 33. Qh7+ Kf8
34. Qxg6 Qxg6 35. Bxg6 Re5 36. Nf3 Re6 37. Bd3 Ra6 38. Rc3 Ne6 39. Bxb5 Ra7 40.
a4 Nf4 41. Nd4 Rg7 42. Rf3 Rf7 43. Bc6 Bxh3 44. gxh3 Ne2+ 45. Nxe2 Rxf3 46.
Bxd5 Rxh3 47. b5 Ke7 48. b6 Rh4 49. b7 Rb4 50. a5 1-0

[Event "I Open Oro Caffe'"]
[Site "Udine ITA"]
[Date "2008.07.05"]
[Round "1"]
[White "Giordano, Massimiliano"]
[Black "Baroncelli, Luca"]
[Result "1-0"]
[WhiteElo "1912"]
[BlackElo "1510"]
[PlyCount "39"]
[EventDate "2008.07.05"]

1. b3 e5 2. Bb2 d6 3. g3 Be6 4. Bg2 Nc6 5. c4 a5 6. Nc3 Be7 7. e3 f5 8. d4 Bf7
9. Nge2 Nf6 10. d5 Nb8 11. O-O Nbd7 12. e4 Bg6 13. exf5 Bxf5 14. f4 e4 15. Nd4
Bg4 16. Qc2 Nc5 17. h3 Bd7 18. f5 Nd3 19. Bxe4 Nxb2 20. Qxb2 1-0

[Event "I Open Oro Caffe'"]
[Site "Udine ITA"]
[Date "2008.07.05"]
[Round "1"]
[White "Miseri, Paolo"]
[Black "Gabassi, Francesco"]
[Result "0-1"]
[WhiteElo "1491"]
[BlackElo "1894"]
[PlyCount "97"]
[EventDate "2008.07.05"]

1. e4 d5 2. exd5 Qxd5 3. Nc3 Qa5 4. d4 c6 5. Bd2 Bf5 6. Nf3 e6 7. Be2 Nf6 8.
Ne4 Qd8 9. Nxf6+ Qxf6 10. O-O Bd6 11. c3 Nd7 12. Re1 O-O 13. Bc1 h6 14. Bd3
Bxd3 15. Qxd3 Rad8 16. Qe4 Bc7 17. a4 Rfe8 18. Be3 Nb6 19. Qg4 Nd5 20. Re2 Nxe3
21. fxe3 e5 22. dxe5 Bxe5 23. Nxe5 Rxe5 24. Rae1 Rde8 25. Qd4 a6 26. Qg4 Qd6
27. Qd4 Qe7 28. Qd2 Re4 29. b4 Qe5 30. a5 Rc4 31. Rc1 c5 32. Ree1 Re4 33. Kf2
Qf5+ 34. Kg1 Qe5 35. Kf2 Re6 36. g3 h5 37. Re2 h4 38. Rce1 Rd6 39. Qb2 c4 40.
Rd2 Rf6+ 41. Kg2 Rxe3 42. Rd8+ Kh7 43. Qc2+ g6 44. Rxe3 Qxe3 45. Rd2 hxg3 46.
hxg3 Rf3 47. Kh1 Qe1+ 48. Kg2 Qxg3+ 49. Kh1 0-1

[Event "I Open Oro Caffe'"]
[Site "Udine ITA"]
[Date "2008.07.05"]
[Round "1"]
[White "Muzzolini, Claudio"]
[Black "Licandro, Michele"]
[Result "1-0"]
[WhiteElo "1868"]
[BlackElo "1487"]
[PlyCount "95"]
[EventDate "2008.07.05"]

1. d4 g6 2. e4 e6 3. Nf3 Bg7 4. e5 Ne7 5. Bg5 h6 6. Bd2 b6 7. Bd3 Bb7 8. Nc3 d5
9. Ne2 Nd7 10. Ng3 c5 11. c3 a5 12. Bb5 Ba6 13. a4 Bxb5 14. axb5 cxd4 15. cxd4
O-O 16. O-O Kh7 17. Qb3 Re8 18. Qd3 Nf8 19. Nh5 Ng8 20. Nxg7 Kxg7 21. Rfc1 Qd7
22. Rc6 Qb7 23. Rac1 Rac8 24. Qe3 Nh7 25. h4 Rxc6 26. bxc6 Qe7 27. Qb3 Qc7 28.
Qa3 Rd8 29. b4 Qa7 30. bxa5 bxa5 31. Bxa5 Rc8 32. c7 Ne7 33. Qc3 Ra8 34. Bb4
Nc8 35. Bd6 Nf8 36. Qc6 Nb6 37. Bc5 Nfd7 38. Qxd7 Nxd7 39. Bxa7 Rc8 40. Nd2 Kf8
41. Nb3 Ke8 42. Na5 f6 43. f4 f5 44. Nb7 Nf8 45. Nd6+ Kd7 46. Bb6 Nh7 47. Nxc8
Kxc8 48. Rc6 1-0

[Event "I Open Oro Caffe'"]
[Site "Udine ITA"]
[Date "2008.07.05"]
[Round "1"]
[White "Naumkin, Igor"]
[Black "Degano, Emanuele"]
[Result "1-0"]
[WhiteElo "2502"]
[BlackElo "1647"]
[PlyCount "22"]
[EventDate "2008.07.05"]

1. d4 d5 2. c4 c6 3. Nf3 Nf6 4. Nc3 dxc4 5. a4 Nd5 6. e3 Nxc3 7. bxc3 b5 8. Ne5
Bb7 9. Rb1 a6 10. Qf3 Qd5 11. e4 Qe6 1-0

[Event "I Open Oro Caffe'"]
[Site "Udine ITA"]
[Date "2008.07.05"]
[Round "1"]
[White "Orsatti, Marcello"]
[Black "Gabassi, Cristina"]
[Result "1-0"]
[WhiteElo "2004"]
[BlackElo "1530"]
[PlyCount "61"]
[EventDate "2008.07.05"]

1. c4 Nf6 2. Nc3 e5 3. g3 Nc6 4. Bg2 d6 5. e3 Be6 6. e4 Be7 7. Nge2 Qc8 8. Nd5
Bxd5 9. cxd5 Nd8 10. d4 c6 11. dxc6 Nxc6 12. d5 Nd8 13. Bd2 O-O 14. O-O Qd7 15.
Rc1 b6 16. Qc2 Ne8 17. f4 Nb7 18. b4 Bd8 19. Qc6 Qe7 20. Rc2 a5 21. a3 Ra6 22.
Rfc1 f6 23. Bh3 Rf7 24. Be6 h6 25. f5 Kh7 26. Bxf7 Qxf7 27. g4 h5 28. h3 hxg4
29. hxg4 g6 30. fxg6+ Qxg6 31. Qxb7+ 1-0

[Event "I Open Oro Caffe'"]
[Site "Udine ITA"]
[Date "2008.07.05"]
[Round "1"]
[White "Pagnutti, Lorenzo"]
[Black "Santacroce, Fidel"]
[Result "1-0"]
[WhiteElo "2036"]
[BlackElo "1547"]
[PlyCount "61"]
[EventDate "2008.07.05"]

1. e4 c5 2. c3 d5 3. exd5 Qxd5 4. d4 cxd4 5. cxd4 Nc6 6. Nf3 Bg4 7. Be2 Rd8 8.
Nc3 Qa5 9. Be3 e5 10. Nxe5 Nxe5 11. Bxg4 Nxg4 12. Qxg4 Nf6 13. Qf3 Bb4 14. O-O
Bxc3 15. bxc3 O-O 16. c4 b6 17. Rfc1 Rfe8 18. h3 Qb4 19. Rab1 Qa3 20. Rc2 Rc8
21. Qd1 Qa4 22. Qd3 Rc7 23. Qb3 Qd7 24. Rbc1 Ne4 25. Qb5 Qe6 26. Bf4 Rce7 27.
Re2 Qg6 28. Rce1 Qf6 29. Rxe4 g5 30. Bxg5 Rxe4 31. Rxe4 1-0

[Event "I Open Oro Caffe'"]
[Site "Udine ITA"]
[Date "2008.07.05"]
[Round "1"]
[White "Picco, Ruggero"]
[Black "Venuti, Federico"]
[Result "1-0"]
[WhiteElo "2128"]
[BlackElo "1598"]
[PlyCount "100"]
[EventDate "2008.07.05"]

1. Nc3 Nf6 2. e4 e5 3. Nf3 d6 4. d4 exd4 5. Nxd4 Be7 6. Bc4 Nbd7 7. Nf5 O-O 8.
O-O Ne5 9. Nxe7+ Qxe7 10. Bb3 b6 11. Bg5 c6 12. f4 Ng6 13. Qe2 h6 14. Bxf6 Qxf6
15. Rae1 Nxf4 16. Qe3 g5 17. Kh1 Qe5 18. Rf2 Be6 19. Ref1 Bxb3 20. axb3 d5 21.
Qg3 Qg7 22. exd5 cxd5 23. Qf3 Rad8 24. g3 Nh3 25. Rd2 g4 26. Qf5 Qg5 27. Nxd5
Qxf5 28. Rxf5 Kg7 29. Rd4 Ng5 30. Rxg4 Kg6 31. Rgf4 Rde8 32. Kg2 Re2+ 33. Rf2
Rxf2+ 34. Rxf2 f5 35. Ne7+ Kh7 36. Nxf5 Re8 37. Nd6 Re6 38. Rd2 Kg6 39. h4 Ne4
40. Nxe4 Rxe4 41. Kf3 Re6 42. g4 h5 43. g5 Kf5 44. Rd5+ Kg6 45. c4 a5 46. Kf4
Rc6 47. Ke5 Kf7 48. Rd7+ Ke8 49. Rh7 b5 50. Kd5 Rg6 1-0

[Event "I Open Oro Caffe'"]
[Site "Udine ITA"]
[Date "2008.07.05"]
[Round "1"]
[White "Viola, Enrico"]
[Black "Capaliku, Aleks"]
[Result "0-1"]
[WhiteElo "1560"]
[BlackElo "2114"]
[PlyCount "26"]
[EventDate "2008.07.05"]

1. d4 f5 2. c4 b6 3. Nf3 Nf6 4. Nc3 e6 5. e3 Bb4 6. Bd3 Bxc3+ 7. bxc3 Bb7 8.
O-O d6 9. Nd2 O-O 10. Qb3 Qe7 11. c5 dxc5 12. dxc5 Nbd7 13. cxb6 axb6 0-1

[Event "I Open Oro Caffe'"]
[Site "Udine ITA"]
[Date "2008.07.05"]
[Round "1"]
[White "Zuttioni, Federico"]
[Black "Pecchiari, Alberto"]
[Result "1-0"]
[WhiteElo "1746"]
[BlackElo "1419"]
[PlyCount "70"]
[EventDate "2008.07.05"]

1. e4 e5 2. Nf3 Nc6 3. Bc4 Nf6 4. Ng5 d5 5. exd5 Na5 6. Bb5+ c6 7. dxc6 bxc6 8.
Be2 h6 9. Nh3 Bxh3 10. gxh3 Qd7 11. Bg4 Nxg4 12. Qxg4 Qxg4 13. hxg4 h5 14. g5
h4 15. d3 g6 16. Nc3 Nb7 17. Ne4 Be7 18. Bd2 Nd6 19. O-O-O Nxe4 20. dxe4 O-O
21. Rhg1 Bc5 22. Be1 Kg7 23. Rg4 h3 24. Rg3 Rh8 25. Bc3 Rae8 26. f4 Bd4 27.
Rxd4 exd4 28. Bxd4+ f6 29. Bxf6+ Kg8 30. Bxh8 Kxh8 31. Rxh3+ Kg7 32. Re3 Rf8
33. Rf3 Re8 34. e5 Re7 35. Kd2 Kf7 1-0

[Event "I Open Oro Caffe'"]
[Site "Udine ITA"]
[Date "2008.07.06"]
[Round "2"]
[White "Baroncelli, Luca"]
[Black "Bisaro, Andrea"]
[Result "1-0"]
[WhiteElo "1510"]
[BlackElo "1614"]
[PlyCount "57"]
[EventDate "2008.07.05"]

1. e4 Nc6 2. d4 e5 3. d5 Nce7 4. Bg5 h6 5. Be3 Nf6 6. Nd2 d6 7. Ne2 Ng4 8. Nc3
Nxe3 9. fxe3 Ng6 10. Qe2 Bd7 11. O-O-O Be7 12. g3 a6 13. h4 b5 14. Re1 c5 15.
h5 Nf8 16. g4 Nh7 17. Qg2 b4 18. Ne2 Qa5 19. Kb1 b3 20. Nc1 bxa2+ 21. Ka1 O-O
22. Ncb3 Qa4 23. Bd3 Rab8 24. Ref1 Ng5 25. Rf2 Bb5 26. c4 Be8 27. Qf1 Rb6 28.
Qc1 a5 29. Qc3 1-0

[Event "I Open Oro Caffe'"]
[Site "Udine ITA"]
[Date "2008.07.06"]
[Round "2"]
[White "Capaliku, Aleks"]
[Black "Giordano, Massimiliano"]
[Result "1-0"]
[WhiteElo "2114"]
[BlackElo "1912"]
[PlyCount "69"]
[EventDate "2008.07.05"]

1. f4 d5 2. Nf3 Nf6 3. e3 e6 4. b3 Be7 5. Bb2 O-O 6. Be2 c5 7. O-O Bd7 8. Ne5
Nc6 9. d3 d4 10. Nxc6 Bxc6 11. e4 b5 12. Nd2 Qc7 13. c4 b4 14. e5 Ne8 15. Bg4
g6 16. Qe2 Ng7 17. Ne4 Qb7 18. Bh3 Bxe4 19. dxe4 f5 20. exf6 Bxf6 21. e5 Be7
22. g4 Rad8 23. Qd3 Rf7 24. Rae1 Qa6 25. Re2 Rdf8 26. Bc1 Qc6 27. Bg2 Qc7 28.
Be4 Qxe5 29. Bxg6 Qf6 30. Bxh7+ Kh8 31. g5 Qxg5+ 32. fxg5 Rxf1+ 33. Kg2 Rxc1
34. Qh3 Rc3 35. Bd3+ 1-0

[Event "I Open Oro Caffe'"]
[Site "Udine ITA"]
[Date "2008.07.06"]
[Round "2"]
[White "Castellano, Alfonso"]
[Black "Naumkin, Igor"]
[Result "0-1"]
[WhiteElo "1926"]
[BlackElo "2502"]
[PlyCount "38"]
[EventDate "2008.07.05"]

1. c4 e5 2. Nc3 Nf6 3. g3 Bb4 4. Bg2 O-O 5. Nf3 Nc6 6. O-O e4 7. Ng5 Bxc3 8.
bxc3 Re8 9. Qc2 Qe7 10. a4 d6 11. d3 Bf5 12. Be3 exd3 13. exd3 Ne5 14. Be4 Bxe4
15. dxe4 h6 16. Nh3 Nxc4 17. Bd4 Qxe4 18. Qc1 Nd5 19. Rb1 c5 0-1

[Event "I Open Oro Caffe'"]
[Site "Udine ITA"]
[Date "2008.07.06"]
[Round "2"]
[White "Degano, Emanuele"]
[Black "Bortolosso, Paolo"]
[Result "1-0"]
[WhiteElo "1647"]
[BlackElo "1464"]
[PlyCount "65"]
[EventDate "2008.07.05"]

1. e4 e5 2. Nf3 Nc6 3. Bb5 a6 4. Ba4 Bc5 5. c3 Nf6 6. O-O O-O 7. d4 exd4 8.
cxd4 Bb4 9. e5 Nd5 10. Qd3 Be7 11. Qe4 Nb6 12. d5 Na7 13. Bc2 g6 14. Bh6 Re8
15. Nc3 d6 16. Rfe1 Bf5 17. Qe2 dxe5 18. Bxf5 gxf5 19. Nxe5 Bf6 20. Qf3 Rxe5
21. Qg3+ Kh8 22. Rxe5 Qd6 23. Bf4 Qd7 24. Re2 Rg8 25. Qf3 Rg4 26. Rae1 Rg8 27.
Be5 Bxe5 28. Rxe5 Nc4 29. Re7 Qd8 30. Qxf5 h6 31. Qf6+ Kh7 32. Qxf7+ Rg7 33.
Qxg7# 1-0

[Event "I Open Oro Caffe'"]
[Site "Udine ITA"]
[Date "2008.07.06"]
[Round "2"]
[White "Del Forno Sinicco, Michele"]
[Black "Miseri, Paolo"]
[Result "1-0"]
[WhiteElo "1559"]
[BlackElo "1491"]
[PlyCount "169"]
[EventDate "2008.07.05"]

1. Nf3 d5 2. d4 Bg4 3. g3 Bxf3 4. exf3 e6 5. Bg2 c5 6. O-O cxd4 7. Qxd4 Nc6 8.
Qa4 Qd7 9. c3 Ne5 10. Qxd7+ Nxd7 11. Be3 Ngf6 12. Nd2 Bc5 13. Rfe1 O-O 14. Nb3
Bxe3 15. Rxe3 Rac8 16. Nd4 a6 17. Rd1 b5 18. Bh3 h5 19. Nxe6 fxe6 20. Bxe6+ Kh7
21. Bxd5 Nxd5 22. Rxd5 Nf6 23. Rd6 Ra8 24. Ree6 Rfb8 25. Rxa6 Rxa6 26. Rxa6 Rb7
27. Re6 Kg6 28. Re5 Rb6 29. Kf1 Kf7 30. Rc5 Ke6 31. Ke2 g6 32. Kd2 Nd7 33. Rc8
Kf5 34. h3 Ne5 35. Rc5 Ke6 36. f4 Nc4+ 37. Kc2 Nd6 38. b3 Kf6 39. Re5 Nf7 40.
Rc5 Nd6 41. Kd3 Ra6 42. c4 bxc4+ 43. bxc4 Rxa2 44. Rc6 Ke7 45. c5 Ra3+ 46. Ke2
Ra2+ 47. Kf3 Ra3+ 48. Kg2 Ne4 49. Rxg6 Nxc5 50. Rg5 Nd3 51. Rxh5 Ne1+ 52. Kf1
Nf3 53. h4 Kf6 54. Rh8 Kg7 55. Re8 Nd4 56. Kg2 Kf7 57. Re3 Ra2 58. Re4 Nf5 59.
h5 Kf6 60. g4 Ne7 61. g5+ Kf7 62. Kf3 Rb2 63. h6 Ng6 64. f5 Nf8 65. Ra4 Rb7 66.
Kg4 Nd7 67. f4 Kg8 68. g6 Nf6+ 69. Kg5 Nh7+ 70. Kh5 Rb8 71. Ra7 Nf6+ 72. Kg5
Rc8 73. h7+ Kh8 74. Rf7 Ng8 75. g7+ Kxh7 76. Kh5 Rb8 77. f6 Rb1 78. Kg5 Rg1+
79. Kf5 Nh6+ 80. Ke6 Nxf7 81. Kxf7 Rg4 82. Kf8 Rg2 83. f7 Rxg7 84. f5 Kh8 85.
Ke7 1-0

[Event "I Open Oro Caffe'"]
[Site "Udine ITA"]
[Date "2008.07.06"]
[Round "2"]
[White "Fantini, Marco"]
[Black "Muzzolini, Claudio"]
[Result "1/2-1/2"]
[WhiteElo "2067"]
[BlackElo "1868"]
[PlyCount "38"]
[EventDate "2008.07.05"]

1. d4 Nf6 2. Nc3 d5 3. Bg5 Nbd7 4. Qd3 c6 5. e4 Qa5 6. Bd2 dxe4 7. Nxe4 Qb6 8.
O-O-O Nxe4 9. Qxe4 Nf6 10. Qh4 Bf5 11. Nf3 O-O-O 12. Bc4 Bg6 13. Rhe1 e6 14.
Bg5 Be7 15. Ne5 Qc7 16. h3 Nd5 17. Bxe7 Nxe7 18. g4 Nd5 19. Bxd5 cxd5 1/2-1/2

[Event "I Open Oro Caffe'"]
[Site "Udine ITA"]
[Date "2008.07.06"]
[Round "2"]
[White "Fermo, Ruggero"]
[Black "Giancotti, Eraldo"]
[Result "0-1"]
[WhiteElo "1765"]
[BlackElo "2092"]
[PlyCount "92"]
[EventDate "2008.07.05"]

1. e4 g6 2. d4 Bg7 3. c4 d6 4. h3 Nf6 5. Nc3 O-O 6. Nf3 Nbd7 7. Be3 e5 8. Rc1
exd4 9. Nxd4 Re8 10. f3 c6 11. Be2 d5 12. cxd5 Nxd5 13. Nxd5 cxd5 14. Nb5 dxe4
15. f4 Rf8 16. O-O a6 17. Nc7 Rb8 18. Ba7 Bxb2 19. Rc2 Bg7 20. Qd6 b6 21. Bxb8
Nxb8 22. Qxd8 Rxd8 23. Rd1 Rf8 24. Nd5 Be6 25. Nxb6 Bh6 26. Nd5 Bxd5 27. Rxd5
Bxf4 28. Kf2 f5 29. Ra5 Kg7 30. Bxa6 Nd7 31. Bb5 Nf6 32. Bc6 Nh5 33. Ra8 Rf6
34. Ra7+ Kh6 35. Bd5 Bg3+ 36. Kf1 Nf4 37. Bg8 Rd6 38. Rc1 Rd2 39. Rxh7+ Kg5 40.
Bc4 Rf2+ 41. Kg1 Rxg2+ 42. Kh1 Rh2+ 43. Kg1 Rd2 44. a4 e3 45. Bb5 e2 46. Re7
Rd1+ 0-1

[Event "I Open Oro Caffe'"]
[Site "Udine ITA"]
[Date "2008.07.06"]
[Round "2"]
[White "Gabassi, Cristina"]
[Black "Conti, Franco"]
[Result "1-0"]
[WhiteElo "1530"]
[BlackElo "1386"]
[PlyCount "35"]
[EventDate "2008.07.05"]

1. e4 Nc6 2. Nf3 g6 3. d4 Bg7 4. Be3 b6 5. Nc3 Bb7 6. Bc4 e6 7. O-O Qe7 8. Re1
Qb4 9. Bb3 Nce7 10. a3 Qa5 11. Bc4 Qh5 12. Nb5 Rc8 13. Be2 g5 14. Nxg5 Qh4 15.
g3 Qh6 16. Nxf7 Qg6 17. Bh5 Qxe4 18. Ng5+ 1-0

[Event "I Open Oro Caffe'"]
[Site "Udine ITA"]
[Date "2008.07.06"]
[Round "2"]
[White "Gabassi, Francesco"]
[Black "Picco, Ruggero"]
[Result "1/2-1/2"]
[WhiteElo "1894"]
[BlackElo "2128"]
[PlyCount "69"]
[EventDate "2008.07.05"]

1. e4 c6 2. d4 Na6 3. Nf3 Nc7 4. Bd3 d6 5. h3 f6 6. Nc3 e5 7. O-O Ne7 8. dxe5
dxe5 9. Be3 Ng6 10. Bc4 Be6 11. Qe2 Bb4 12. Bxe6 Nxe6 13. Qc4 Qe7 14. Ne2 O-O
15. c3 Bd6 16. Ng3 Rfe8 17. Nf5 Qc7 18. Nxd6 Qxd6 19. Rad1 Qc7 20. Rd2 b6 21.
Rfd1 Ngf8 22. Nh4 c5 23. Nf5 Red8 24. Nd6 Qe7 25. f4 exf4 26. Bxf4 Kh8 27. Nf5
Rxd2 28. Nxe7 Rxd1+ 29. Kh2 Rd7 30. Nd5 Nxf4 31. Nxf4 Re8 32. a3 Rde7 33. Nd5
Rxe4 34. Qa6 R4e5 35. Nc7 1/2-1/2

[Event "I Open Oro Caffe'"]
[Site "Udine ITA"]
[Date "2008.07.06"]
[Round "2"]
[White "Licandro, Michele"]
[Black "Viola, Enrico"]
[Result "0-1"]
[WhiteElo "1487"]
[BlackElo "1560"]
[PlyCount "124"]
[EventDate "2008.07.05"]

1. d4 Nf6 2. Nf3 g6 3. e3 Bg7 4. Bd3 O-O 5. Nbd2 d5 6. O-O Nbd7 7. c3 c5 8. h3
Qc7 9. Qe2 Re8 10. Bb5 a6 11. Ba4 b5 12. Bc2 b4 13. Ba4 bxc3 14. bxc3 Qa5 15.
Bxd7 Bxd7 16. Nb3 Qxc3 17. Bd2 Qb2 18. Rfb1 Qc2 19. Rc1 Qf5 20. Nxc5 Bb5 21.
Qd1 Ne4 22. g4 Qf6 23. a4 Nxd2 24. Nxd2 Bc6 25. Qf3 Qd6 26. Rab1 e5 27. Qg3 Qe7
28. Re1 exd4 29. exd4 Qxe1+ 30. Rxe1 Rxe1+ 31. Nf1 Bxd4 32. Nd3 Ree8 33. Nb4
Bxa4 34. Qd3 Bg7 35. Nxa6 Rad8 36. Nb4 d4 37. Kg2 Rb8 38. Nc2 Bb5 39. Qd1 Be2
40. Qd2 d3 41. Nce3 Rb2 42. Qa5 Bxf1+ 43. Kxf1 Rb1+ 44. Kg2 Reb8 45. Qd2 R1b3
46. Nd5 Bd4 47. Kf3 R8b5 48. Ke4 Bg7 49. g5 Rb8 50. Nf6+ Bxf6 51. gxf6 Re8+ 52.
Kf3 Re6 53. Kg4 Rxf6 54. f4 Re6 55. Qa5 Rb8 56. Qd5 Re3 57. Qd6 Rbe8 58. Qd4
R8e4 59. Qd8+ Kg7 60. Qd5 h5+ 61. Kh4 Rxf4+ 62. Kg5 Rf5+ 0-1

[Event "I Open Oro Caffe'"]
[Site "Udine ITA"]
[Date "2008.07.06"]
[Round "2"]
[White "Pecchiari, Alberto"]
[Black "Bortolosso, Mario"]
[Result "0-1"]
[WhiteElo "1419"]
[BlackElo "1530"]
[PlyCount "48"]
[EventDate "2008.07.05"]

1. e4 e5 2. Nf3 Nc6 3. Bb5 Bc5 4. c3 Qe7 5. O-O a6 6. Ba4 b5 7. Bb3 Bb7 8. d4
exd4 9. cxd4 Bb6 10. Nc3 O-O-O 11. Re1 Na5 12. Bc2 Nf6 13. a3 Rhe8 14. Bg5 h6
15. Bxf6 Qxf6 16. e5 Bxf3 17. exf6 Bxd1 18. Rexd1 gxf6 19. Nd5 Ba7 20. Nxf6 Re2
21. Nh5 Rxc2 22. b4 Nb3 23. Rab1 Nxd4 24. Rbc1 Ne2+ 0-1

[Event "I Open Oro Caffe'"]
[Site "Udine ITA"]
[Date "2008.07.06"]
[Round "2"]
[White "Petrosino, Germano"]
[Black "Zuttioni, Federico"]
[Result "1-0"]
[WhiteElo "1832"]
[BlackElo "1746"]
[PlyCount "55"]
[EventDate "2008.07.05"]

1. e4 e5 2. Nf3 Nc6 3. d4 exd4 4. Nxd4 Qh4 5. Nc3 Bb4 6. Nf3 Qxe4+ 7. Be2 Bxc3+
8. bxc3 Nge7 9. O-O d6 10. Bd3 Qd5 11. c4 Qh5 12. Rb1 O-O 13. Rb5 f5 14. Kh1 a6
15. Rb3 Na5 16. Rc3 b6 17. Be2 Qe8 18. Ng5 h6 19. Nh3 Bb7 20. Rg3 Kh7 21. Bxh6
gxh6 22. Bh5 Qd7 23. Nf4 Rg8 24. Rh3 Nxc4 25. Bf7 Ne5 26. Qh5 Nxf7 27. Qxf7+
Rg7 28. Rxh6+ 1-0

[Event "I Open Oro Caffe'"]
[Site "Udine ITA"]
[Date "2008.07.06"]
[Round "2"]
[White "Prelec, Fausto"]
[Black "Muradore, Aldo"]
[Result "1-0"]
[WhiteElo "1452"]
[BlackElo "1550"]
[PlyCount "82"]
[EventDate "2008.07.05"]

1. c4 c5 2. Nc3 Nf6 3. Nf3 Nc6 4. g3 d6 5. Bg2 Bd7 6. O-O a6 7. d4 cxd4 8. Nxd4
Rb8 9. Re1 e5 10. Nc2 Be7 11. Bg5 Ng4 12. Bxe7 Qxe7 13. Nd5 Qd8 14. Qd2 O-O 15.
a3 Na5 16. Qc3 Rc8 17. b3 Re8 18. Nce3 b5 19. Rac1 Nxe3 20. Nxe3 bxc4 21. bxc4
Rc5 22. Red1 Bc6 23. Bxc6 Nxc6 24. Rb1 Nd4 25. Qd3 Re6 26. Nd5 Nc6 27. e4 h5
28. Rb6 h4 29. Rb7 hxg3 30. fxg3 Ne7 31. Rdb1 Nxd5 32. cxd5 Rh6 33. Qf3 Rf6 34.
Qg4 Kh7 35. Qh5+ Kg8 36. Qg4 Rg6 37. Qe2 Qh4 38. Qg2 Qg4 39. Rf1 f6 40. Rb8+
Kh7 41. Qh3+ Rh6 1-0

[Event "I Open Oro Caffe'"]
[Site "Udine ITA"]
[Date "2008.07.06"]
[Round "2"]
[White "Punteri, Marco"]
[Black "Capizzi, Biagio"]
[Result "1-0"]
[WhiteElo "2011"]
[BlackElo "1820"]
[PlyCount "97"]
[EventDate "2008.07.05"]

1. d4 d5 2. c4 e6 3. g3 Nf6 4. Bg2 c6 5. Nf3 Be7 6. O-O O-O 7. Qc2 Nbd7 8. b3
Ne4 9. Rd1 Qa5 10. Bf4 Re8 11. Nbd2 f5 12. a3 Ndf6 13. Ne5 Nh5 14. f3 Nxf4 15.
gxf4 Nf6 16. Kh1 Nh5 17. e3 Qb6 18. Nf1 Bh4 19. Bh3 Rf8 20. Rab1 Qd8 21. Qg2
Be7 22. c5 Rf6 23. b4 Bd7 24. Nd2 Rh6 25. Rg1 Bf6 26. a4 a6 27. Nf1 Be8 28. Ng3
Rc8 29. Nxh5 Rxh5 30. Qg3 Rc7 31. Bf1 Bh4 32. Qg2 Qf6 33. b5 a5 34. Qd2 Qh6 35.
Rg2 Rc8 36. Qxa5 Bf6 37. Qd2 Ra8 38. bxc6 bxc6 39. a5 Rh3 40. Rf2 Rh5 41. a6
Bxe5 42. fxe5 Bd7 43. f4 Qg6 44. Rg2 Qe8 45. Rb7 h6 46. Qa5 g5 47. Qc7 Rd8 48.
a7 g4 49. Rb8 1-0

[Event "I Open Oro Caffe'"]
[Site "Udine ITA"]
[Date "2008.07.06"]
[Round "2"]
[White "Rossi, Francesco"]
[Black "Pagnutti, Lorenzo"]
[Result "0-1"]
[WhiteElo "1677"]
[BlackElo "2036"]
[PlyCount "56"]
[EventDate "2008.07.05"]

1. e4 e5 2. Nf3 Nc6 3. Bb5 a6 4. Ba4 Nf6 5. d3 d6 6. c3 g6 7. Nbd2 Bg7 8. Nf1
O-O 9. h3 b5 10. Bc2 d5 11. Bg5 Be6 12. Ng3 h6 13. Bxf6 Bxf6 14. O-O Bg7 15.
Nh2 Qe7 16. Ng4 Rad8 17. Qc1 Kh7 18. Ne3 d4 19. Ng4 f5 20. exf5 gxf5 21. Nh2
Rg8 22. Re1 Qf7 23. Qd1 Bh8 24. Qf3 Bd5 25. Qxf5+ Qxf5 26. Nxf5 Rxg2+ 27. Kf1
Rxh2 28. Ng3 Rf8 0-1

[Event "I Open Oro Caffe'"]
[Site "Udine ITA"]
[Date "2008.07.06"]
[Round "2"]
[White "Santacroce, Fidel"]
[Black "Cisilino, Oscar"]
[Result "1-0"]
[WhiteElo "1547"]
[BlackElo "1727"]
[PlyCount "60"]
[EventDate "2008.07.05"]

1. e4 d5 2. exd5 Qxd5 3. Nc3 Qa5 4. d4 c6 5. Nf3 Nf6 6. Bd3 Bg4 7. h3 Bh5 8.
Bd2 Qc7 9. Bg5 Nbd7 10. a4 e6 11. O-O Bb4 12. Na2 Be7 13. c4 O-O 14. g3 Bg6 15.
Bxg6 hxg6 16. b4 Rfe8 17. Re1 Nb6 18. Rc1 Rad8 19. a5 Nc8 20. Ne5 c5 21. Qe2
Rxd4 22. Be3 Qxe5 23. Bxd4 Qxd4 24. Red1 Qe4 25. Qxe4 Nxe4 26. Re1 Nxf2 27.
Kxf2 Bh4 28. Kg2 Kh8 29. g4 Bxe1 30. Rxe1 Nd6 1-0

[Event "I Open Oro Caffe'"]
[Site "Udine ITA"]
[Date "2008.07.06"]
[Round "2"]
[White "Tonon, Alessandro"]
[Black "Orsatti, Marcello"]
[Result "1-0"]
[WhiteElo "2227"]
[BlackElo "2004"]
[PlyCount "119"]
[EventDate "2008.07.05"]

1. e4 d6 2. d4 Nf6 3. Nc3 c6 4. f4 Qa5 5. Bd3 e5 6. Nf3 Bg4 7. Be3 Nbd7 8. O-O
Be7 9. Qd2 Bxf3 10. gxf3 b5 11. fxe5 dxe5 12. d5 b4 13. dxc6 bxc3 14. cxd7+
Nxd7 15. Qxc3 Qxc3 16. bxc3 Bc5 17. Kf2 Ke7 18. Rfb1 Rab8 19. Rb3 Bxe3+ 20.
Kxe3 Nc5 21. Rb5 Rxb5 22. Bxb5 Rb8 23. a4 a6 24. Bc4 Rb2 25. Kd2 Rb8 26. Rg1 g6
27. a5 Rb2 28. h4 h6 29. Rd1 f6 30. Rg1 g5 31. hxg5 hxg5 32. Rh1 Kd6 33. Rh6
Nd7 34. Bxa6 Ra2 35. Bb5 Rxa5 36. Bxd7 Kxd7 37. Rxf6 Ra1 38. Rf5 Rf1 39. Rxe5
Rxf3 40. Rxg5 Rf2+ 41. Kd3 Rf3+ 42. Kd4 Rf2 43. Kc5 Rxc2 44. c4 Ra2 45. e5 Ke6
46. Kc6 Ra6+ 47. Kb5 Ra1 48. Kb6 Rb1+ 49. Kc6 Ra1 50. c5 Rc1 51. Rh5 Rc2 52.
Kb6 Rb2+ 53. Kc7 Rc2 54. c6 Rc1 55. Kb7 Rb1+ 56. Kc8 Rc1 57. c7 Rc2 58. Rh7 Rc1
59. Rd7 Ra1 60. Kd8 1-0

[Event "I Open Oro Caffe'"]
[Site "Udine ITA"]
[Date "2008.07.06"]
[Round "2"]
[White "Venuti, Federico"]
[Black "Canciani, Sardo"]
[Result "1-0"]
[WhiteElo "1598"]
[BlackElo "1529"]
[PlyCount "76"]
[EventDate "2008.07.05"]

1. d4 f5 2. e3 Nf6 3. Bd3 e6 4. Nf3 d5 5. Nbd2 c6 6. c4 Be7 7. O-O O-O 8. Ne5
Nbd7 9. Nxd7 Bxd7 10. cxd5 cxd5 11. a3 Qb6 12. b4 Rac8 13. Bb2 Bb5 14. Nf3 Qa6
15. Bxb5 Qxb5 16. Ne5 Rc7 17. Rc1 Rfc8 18. Rxc7 Rxc7 19. f3 Nd7 20. Nd3 b6 21.
Nf4 Kf7 22. g4 g6 23. gxf5 exf5 24. e4 dxe4 25. fxe4 Nf6 26. exf5 Qxf5 27. d5
Rc2 28. Ng2 Qe4 29. Rf2 Rxf2 30. Kxf2 Ng4+ 31. Kg1 Qxg2+ 32. Kxg2 Ne3+ 33. Kf3
Nxd1 34. Be5 a6 35. Ke2 Nb2 36. Bxb2 Bd6 37. Kf3 b5 38. Kg4 h5+ 1-0